Japão do pós-guerra (Record no. 142464)
[ view plain ]
| 000 -LÍDER | |
|---|---|
| campo de controle de tamanho fixo | 00605 a2200145 4500 |
| 001 - NÚMERO DE CONTROLE | |
| campo de controle | 142464 |
| 040 ## - FONTE DA CATALOGAÇÃO | |
| Instituição que transcreveu o registro | Leonardo Da Vinci |
| 041 ## - CÓDIGO DE IDIOMA | |
| Código do idioma do texto/trilha sonora ou título diferente | Português |
| 082 ## - CDD - CLASSIFICAÇÃO DECIMAL DE DEWEY | |
| Número de Classificação | v206 |
| 100 ## - ENTRADA PRINCIPAL--NOME PESSOAL | |
| Nome pessoal | COLÉGIO Leonardo da Vinci - Anglo |
| 245 ## - TÍTULO | |
| Título | Japão do pós-guerra |
| 520 ## - NOTA DE RESUMO, ETC | |
| Resumo, etc. | O vídeo mostra como se processou a restauração de 1945 a 1964 |
| -- | Trata do estilo de vida criado pelos próprios japoneses |
| -- | Fala da questão dos brasileiros que imigram para o Japão atrás de<br/>uma vida financeira melhor |
| 697 ## - ENTRADA DE ASSUNTO LOCAL--ENTIDADE COLETIVA (RLIN) | |
| Nome corporativo ou nome da jurisdição | Anglo |
| -- | História |
| -- | Japão |
| -- | O Império da Perfeição |
| -- | Um sonho virado do avesso |
| -- | Guerra |
| 942 ## - ELEMENTOS DE ENTRADA ADICIONADOS (KOHA) | |
| Tipo de material Koha | Materiais visuais |
| Situação do descarte | Situação das perdas | Situação física | Não pode ser emprestado | Biblioteca de origem | Biblioteca atual | Data de aquisição | Total de empréstimos | Número de chamada completo | Código de barras | Data de último acesso | Data do preço efetivo | Tipo de material Koha |
|---|---|---|---|---|---|---|---|---|---|---|---|---|
| Leonardo Da Vinci - Alphaville 1 | Leonardo Da Vinci - Alphaville 1 | 27/03/2024 | v206 | A0217LVA | 27/03/2024 | 27/03/2024 | Materiais visuais |